[Event "Indonesia Open 2013"]
[Site "Jakarta INA"]
[Date "2013.10.10"]
[Round "1.27"]
[White "Surya, Wahyudi"]
[Black "Gundavaa, Bayarsaikhan"]
[Result "0-1"]
[BlackTitle "GM"]
[WhiteElo "2279"]
[BlackElo "2500"]
[WhiteFideId "7102542"]
[BlackFideId "4901045"]
[EventDate "2013.10.10"]

1. d4 Nf6 2. Nf3 g6 3. c4 Bg7 4. Nc3 O-O 5. e4 d6 6. Be2 Na6 7. O-O e5 8. Be3
Ng4 9. Bg5 Qe8 10. h3 h6 11. Bc1 Nf6 12. dxe5 dxe5 13. Be3 Qe7 14. Qc1 Kh7 15.
Nd5 Qd8 16. Rd1 Nxe4 17. Qc2 Nec5 18. b4 Ne6 19. Rab1 Bd7 20. c5 c6 21. Bxa6
bxa6 22. Nc3 Nd4 23. Bxd4 Bf5 24. Ne4 exd4 25. g4 Be6 26. Nd6 Bd5 27. Qd3 Bxa2
28. Ra1 Bd5 29. Rxa6 Rb8 30. Nxd4 Rxb4 31. Nxc6 Bxc6 32. Rxc6 Qg5 33. Qd5 Qf4
34. Rc7 Rd4 35. Rxd4 Bxd4 36. Rxf7+ Rxf7 37. Qxf7+ Qxf7 38. Nxf7 Bxc5 39. Ne5 a5
40. Nd3 Bd4 41. Kg2 a4 42. f4 a3 43. Nb4 Bc3 44. Na2 Bd2 45. Kf3 Kg7 46. Ke4 Kf6
47. h4 h5 48. gxh5 gxh5 49. f5 Be1 0-1

[Event "Indonesia Open 2013"]
[Site "Jakarta INA"]
[Date "2013.10.10"]
[Round "1.28"]
[White "Laylo, Darwin"]
[Black "Pitra, Andika"]
[Result "1-0"]
[WhiteTitle "GM"]
[BlackTitle "FM"]
[WhiteElo "2497"]
[BlackElo "2276"]
[WhiteFideId "5201330"]
[BlackFideId "7103255"]
[EventDate "2013.10.10"]

1. d4 d6 2. c4 e5 3. Nf3 e4 4. Ng5 f5 5. Nc3 Be7 6. Nh3 Nf6 7. g3 O-O 8. Bg2 c6
9. d5 Na6 10. O-O Nc7 11. a4 c5 12. f3 exf3 13. exf3 Nd7 14. b3 Bf6 15. Bb2 Ne5
16. Qd2 a6 17. Nf4 g6 18. a5 Bd7 19. Rfe1 Qe7 20. Nd3 Qg7 21. Nxe5 Bxe5 22. Rxe5
dxe5 23. f4 Qh6 24. d6 Ne6 25. Nd5 Nd4 26. Re1 e4 27. Bxd4 cxd4 28. Qxd4 Qg7 29.
Qxg7+ Kxg7 30. b4 Rad8 31. c5 Bc6 32. Ne3 h6 33. Bf1 g5 34. Bc4 gxf4 35. gxf4
Kf6 36. Kf2 Rd7 37. Bf1 Rg7 38. Bh3 Ke6 39. Rd1 Rf6 40. Rd4 Rf8 41. Nc4 Kf6 42.
Ne5 Rd8 43. Bf1 Be8 44. Be2 Ke6 45. Bc4+ Kf6 46. Rd2 Ba4 47. Ra2 Be8 48. Ra3 h5
49. Rh3 Rh7 50. Rg3 Rg7 51. Rxg7 Kxg7 52. Bd5 Bc6 53. Bxc6 bxc6 54. Nxc6 Rd7 55.
Ne5 Rd8 56. d7 1-0

[Event "Indonesia Open 2013"]
[Site "Jakarta INA"]
[Date "2013.10.10"]
[Round "1.29"]
[White "Sihite, Chelsie Monica"]
[Black "Stefanova, Antoaneta"]
[Result "0-1"]
[WhiteTitle "WIM"]
[BlackTitle "GM"]
[WhiteElo "2267"]
[BlackElo "2496"]
[WhiteFideId "7101198"]
[BlackFideId "2902257"]
[EventDate "2013.10.10"]

1. e4 e5 2. Nf3 Nc6 3. Bb5 Nge7 4. Nc3 a6 5. Ba4 Ng6 6. d3 Bc5 7. Nd5 d6 8. Bg5
f6 9. Be3 Bxe3 10. Nxe3 O-O 11. Bb3+ Kh8 12. h4 Na5 13. h5 Ne7 14. Nh4 Nxb3 15.
axb3 f5 16. Qe2 f4 17. Nc4 Qe8 18. O-O-O b5 19. Nd2 a5 20. Rdg1 c5 21. g3 a4 22.
gxf4 Rxf4 23. f3 axb3 24. Qg2 Ra1+ 25. Nb1 Rf7 26. Qg5 bxc2 27. Kxc2 h6 28. Qe3
b4 29. Kd2 Rf6 30. Rh2 Qf7 31. Qe1 Qb3 32. Qc1 Ra2 33. Ke3 d5 34. exd5 Nxd5+ 35.
Ke4 Bb7 36. Kxe5 Nf4 0-1

[Event "Indonesia Open 2013"]
[Site "Jakarta INA"]
[Date "2013.10.10"]
[Round "1.31"]
[White "Mohamad, Ervan"]
[Black "Nguyen, Duc Hoa"]
[Result "1-0"]
[BlackTitle "IM"]
[WhiteElo "2260"]
[BlackElo "2486"]
[WhiteFideId "7102135"]
[BlackFideId "12401358"]
[EventDate "2013.10.10"]

1. e4 c5 2. Nf3 Nc6 3. d4 cxd4 4. Nxd4 Qb6 5. Nb3 Nf6 6. Nc3 e6 7. Be3 Qc7 8.
Bd3 Bb4 9. O-O Bxc3 10. bxc3 d6 11. f4 O-O 12. Qf3 Re8 13. c4 Nd7 14. c5 dxc5
15. Nxc5 Nce5 16. fxe5 Nxc5 17. Qg3 Rf8 18. Bg5 Kh8 19. Qf4 b6 20. Rf3 Bb7 21.
Rh3 Qd7 22. Rf1 Qd4+ 23. Kh1 Bxe4 24. Re3 Bxd3 25. Qxd4 Bxf1 26. Qh4 f6 27. Rh3
h6 28. Bxh6 Kg8 29. Bxg7 1-0

[Event "Indonesia Open 2013"]
[Site "Jakarta INA"]
[Date "2013.10.10"]
[Round "1.32"]
[White "Cao, Sang"]
[Black "Davletbayeva, Madina"]
[Result "1-0"]
[WhiteTitle "GM"]
[BlackTitle "WIM"]
[WhiteElo "2485"]
[BlackElo "2259"]
[WhiteFideId "725056"]
[BlackFideId "13703595"]
[EventDate "2013.10.10"]

1. e4 e5 2. Nf3 Nc6 3. Bb5 a6 4. Ba4 Nf6 5. O-O Nxe4 6. d4 b5 7. Bb3 d5 8. dxe5
Be6 9. c3 Be7 10. Qe2 Nc5 11. Bc2 d4 12. cxd4 Bc4 13. Qd1 Bxf1 14. Kxf1 Nb7 15.
Be4 Qd7 16. Nc3 O-O-O 17. Be3 f5 18. Bd5 b4 19. Qa4 Nb8 20. Bxb7+ Kxb7 21. Qb3
Nc6 22. Ne2 Rhf8 23. Rd1 Na5 24. Qd3 Qb5 25. b3 c6 26. h4 g6 27. Nf4 Rfe8 28. g3
Kb8 29. d5 Qb7 30. d6 c5 31. Bxc5 Bf8 32. e6 Qc6 33. Bxb4 Nb7 34. Ne5 Qb6 35.
Nd5 1-0

[Event "Indonesia Open 2013"]
[Site "Jakarta INA"]
[Date "2013.10.10"]
[Round "1.34"]
[White "Nolte, Rolando"]
[Black "Teh, Eu Wen Aron"]
[Result "1-0"]
[WhiteTitle "IM"]
[WhiteElo "2447"]
[BlackElo "2254"]
[WhiteFideId "5200636"]
[BlackFideId "5704723"]
[EventDate "2013.10.10"]

1. e4 e5 2. Nf3 Nc6 3. Bb5 Nf6 4. d3 Bc5 5. Bxc6 dxc6 6. O-O Qe7 7. Nbd2 O-O 8.
Nc4 Bd6 9. Bg5 h6 10. Bh4 Qe6 11. Re1 Nd7 12. Qd2 b6 13. Bg3 Re8 14. a4 a5 15.
Nxd6 cxd6 16. d4 Ba6 17. b3 Rad8 18. Rad1 f6 19. Nh4 c5 20. d5 Qf7 21. Nf5 Nf8
22. f3 Bc8 23. Ne3 Kh7 24. Nc4 Qc7 25. Ne3 Ng6 26. Qd3 Rf8 27. Rf1 Qd7 28. Rf2
Rde8 29. Re1 Kh8 30. Qb5 Qxb5 31. axb5 Rd8 1-0

[Event "Indonesia Open 2013"]
[Site "Jakarta INA"]
[Date "2013.10.10"]
[Round "1.35"]
[White "Mahmud, Syarif"]
[Black "Hossain, Enamul"]
[Result "0-1"]
[WhiteTitle "FM"]
[BlackTitle "GM"]
[WhiteElo "2252"]
[BlackElo "2445"]
[WhiteFideId "7100108"]
[BlackFideId "10200649"]
[EventDate "2013.10.10"]

1. d4 Nf6 2. c4 d6 3. Nc3 Nbd7 4. e4 e5 5. Nf3 c6 6. Be2 Be7 7. O-O O-O 8. Re1
a6 9. a4 a5 10. Bf1 Re8 11. h3 exd4 12. Nxd4 Nc5 13. Bf4 Bf8 14. e5 dxe5 15.
Bxe5 Nfe4 16. Bh2 Qf6 17. f3 Nxc3 18. bxc3 Bd7 19. Qd2 Rxe1 20. Rxe1 Nxa4 21.
Be5 Qd8 22. Bd3 Nc5 23. Bc2 a4 24. Qf4 Ne6 25. Qe4 g6 26. Rd1 Qe7 27. Nf5 gxf5
28. Qxf5 f6 0-1

[Event "Indonesia Open 2013"]
[Site "Jakarta INA"]
[Date "2013.10.10"]
[Round "1.37"]
[White "Lorparizangeneh, Shahin"]
[Black "Paehtz, Elisabeth"]
[Result "1/2-1/2"]
[WhiteTitle "FM"]
[BlackTitle "IM"]
[WhiteElo "2249"]
[BlackElo "2440"]
[WhiteFideId "12521604"]
[BlackFideId "4641833"]
[EventDate "2013.10.10"]

1. d4 e6 2. c4 d5 3. Nc3 Nf6 4. cxd5 exd5 5. Bg5 Be7 6. e3 c6 7. Qc2 O-O 8. Bd3
Nbd7 9. Nf3 Re8 10. h3 Nf8 11. Bf4 Ng6 12. Bh2 Bd6 13. Bxd6 Qxd6 14. O-O-O Bd7
15. Kb1 Rac8 16. g4 Qe7 17. Rhg1 Be6 18. Nd2 c5 19. dxc5 Qxc5 20. Nb3 Qb6 21. f4
Bd7 22. g5 Ne4 23. Bxe4 Rxe4 24. Nxd5 Qe6 25. Nc5 Qxh3 26. Rh1 Rxc5 27. Qxc5 Qf5
28. Ka1 Re8 29. Rhe1 Qg4 30. Qd6 Bc6 31. e4 Qg3 32. Nc7 Rc8 33. f5 Qxd6 34. Rxd6
Rxc7 35. fxg6 fxg6 36. Rf1 Rc8 37. e5 Rf8 38. Rxf8+ Kxf8 39. Kb1 h5 40. gxh6
gxh6 41. Kc1 Kg7 42. Kd2 h5 43. Ke3 g5 44. Rf6 h4 45. Kf2 g4 46. Kg1 Bd5 47. a3
Bc6 48. b4 a6 49. Rd6 Bf3 50. Kh2 Be4 51. Rf6 Bd5 52. a4 Bc6 53. Rf4 Bd7 54. a5
Be6 55. Rf6 Bd5 56. Rf4 Be6 57. Rf6 Bd5 58. Rf4 1/2-1/2

[Event "Indonesia Open 2013"]
[Site "Jakarta INA"]
[Date "2013.10.10"]
[Round "1.38"]
[White "Nguyen, Van Huy"]
[Black "Sinurat, Tumpak"]
[Result "1-0"]
[WhiteTitle "IM"]
[WhiteElo "2422"]
[BlackElo "2249"]
[WhiteFideId "12401064"]
[BlackFideId "7104138"]
[EventDate "2013.10.10"]

1. d4 Nf6 2. Nf3 e6 3. g3 c5 4. c4 d5 5. Bg2 Nc6 6. O-O dxc4 7. Qa4 Qb6 8. Nbd2
Qb4 9. Qxb4 Nxb4 10. Nxc4 Nc2 11. Rb1 Nxd4 12. Nxd4 cxd4 13. Bf4 Nd5 14. Be5 f6
15. Bxd4 Be7 16. Rbc1 Kf7 17. Ne3 Rd8 18. Nxd5 exd5 19. Rc7 b6 20. Rfc1 Bg4 21.
e3 Kf8 22. a3 Bf5 23. Bf3 h6 24. Bc3 Be4 25. Bxe4 dxe4 26. Rc4 f5 27. g4 fxg4
28. Rxe4 g5 29. Rxg4 Rac8 30. h4 Kf7 31. hxg5 hxg5 32. Kg2 Kg6 33. Rh1 Rd7 34.
Rd4 Rxd4 35. Bxd4 Rc7 36. Rd1 Kf5 37. Rd2 Rc6 38. f3 Bd6 39. Kf2 Ke6 40. Ke2 Rc7
41. Kd3 Rf7 42. Ke4 Rh7 43. Rg2 Be7 44. f4 Rh4 45. Be5 a5 46. a4 gxf4 47. exf4
Bc5 48. Rh2 Rg4 49. Rh7 Bf8 50. Rc7 Bc5 51. Rc6+ Kd7 52. Rc7+ Ke6 53. Rg7 Rh4
54. Rb7 Rg4 55. Rh7 Bf8 56. Rh8 Bc5 57. Rh6+ Kd7 58. Kd5 Rg1 59. Rh7+ Kd8 60.
Bc7+ Kc8 61. f5 Bf2 62. Be5 Rc1 63. f6 Rc5+ 64. Ke6 Rc1 65. Bd6 1-0

[Event "Indonesia Open 2013"]
[Site "Jakarta INA"]
[Date "2013.10.10"]
[Round "1.39"]
[White "Suyud, Hartoyo"]
[Black "Juswanto, Denny"]
[Result "1/2-1/2"]
[BlackTitle "IM"]
[WhiteElo "2226"]
[BlackElo "2417"]
[WhiteFideId "7102704"]
[BlackFideId "7100221"]
[EventDate "2013.10.10"]

1. d4 Nf6 2. c4 e6 3. Nc3 Bb4 4. Qc2 O-O 5. a3 Bxc3+ 6. Qxc3 h6 7. Nf3 b6 8. Bf4
Bb7 9. e3 d6 10. Be2 Nbd7 11. O-O Ne4 12. Qc2 f5 13. h3 Qf6 14. Bh2 Rad8 15.
Rad1 Qg6 16. d5 e5 17. Nd2 Nxd2 18. Rxd2 Rde8 19. f3 Qg5 20. Qc3 Re7 21. b4 Qf6
22. Rfd1 g5 23. Kf2 f4 24. Ke1 Kg7 25. e4 h5 26. Rc1 Qg6 27. Bg1 Nf6 28. Kd1 g4
29. hxg4 hxg4 30. Qd3 Kh8 1/2-1/2

[Event "Indonesia Open 2013"]
[Site "Jakarta INA"]
[Date "2013.10.10"]
[Round "1.40"]
[White "Yap, Kim Steven"]
[Black "Masruri, Rahman"]
[Result "1-0"]
[WhiteTitle "IM"]
[WhiteElo "2417"]
[BlackElo "2222"]
[WhiteFideId "5202809"]
[BlackFideId "7101163"]
[EventDate "2013.10.10"]

1. e4 e6 2. d4 d5 3. e5 c5 4. c3 Nc6 5. Nf3 Qb6 6. a3 Nh6 7. b4 cxd4 8. cxd4 Nf5
9. Bb2 Be7 10. Bd3 a5 11. b5 Ncxd4 12. Nxd4 Nxd4 13. Nc3 a4 14. O-O Nb3 15. Nxa4
Rxa4 16. Qxb3 Ra8 17. a4 O-O 18. Rfc1 f5 19. Qa2 Bb4 20. Qb3 Be7 21. Qc3 Qd8 22.
Qd2 f4 23. f3 Rf7 24. Bd4 Qf8 25. a5 Bb4 26. Qc2 g6 27. Bb6 Ba3 28. Rcb1 Be7 29.
a6 Bd8 30. Bd4 bxa6 31. bxa6 Rc7 32. Qf2 Be7 33. a7 Bd7 34. h3 Kg7 35. Kh1 Bc6
36. Rc1 1-0

[Event "Indonesia Open 2013"]
[Site "Jakarta INA"]
[Date "2013.10.10"]
[Round "1.41"]
[White "Fauzan, M"]
[Black "Cherniaev, Alexander"]
[Result "0-1"]
[BlackTitle "GM"]
[WhiteElo "2221"]
[BlackElo "2415"]
[WhiteFideId "7105142"]
[BlackFideId "4117301"]
[EventDate "2013.10.10"]

1. d4 Nf6 2. Nf3 c5 3. c4 cxd4 4. Nxd4 e5 5. Nb5 d5 6. cxd5 a6 7. N5c3 Bc5 8. e3
e4 9. Nxe4 Bb4+ 10. Bd2 Nxd5 11. Bxb4 Nxb4 12. Qxd8+ Kxd8 13. Na3 Ke7 14. Be2
Be6 15. Nc3 N8c6 16. O-O b5 17. Rfc1 Rhd8 18. Nc2 Nxc2 19. Rxc2 Nb4 20. Rcc1 Rd2
21. a3 Nd5 22. Bf3 Nxc3 23. bxc3 Ra7 24. a4 bxa4 25. Rxa4 a5 26. Rca1 Rb2 27. h4
Rb5 28. R1a3 Kd6 29. Kh2 Kc7 30. Rd4 Rb3 31. Rda4 Kb6 32. Bd1 Rxa3 33. Rxa3 Rd7
34. Ra1 Rd2 35. Rb1+ Kc5 36. Ba4 Bd7 37. Bxd7 Rxd7 38. Kg3 a4 39. Ra1 Ra7 40.
Kf3 Kc4 41. Ra3 Kd3 42. Kf4 Kc2 0-1

[Event "Indonesia Open 2013"]
[Site "Jakarta INA"]
[Date "2013.10.10"]
[Round "1.42"]
[White "Bitoon, Richard"]
[Black "Bachtiar, Ahmad Ina"]
[Result "1-0"]
[WhiteTitle "GM"]
[WhiteElo "2407"]
[BlackElo "2219"]
[WhiteFideId "5201110"]
[BlackFideId "7102682"]
[EventDate "2013.10.10"]

1. g3 d5 2. Bg2 Nf6 3. c4 Nc6 4. cxd5 Nxd5 5. Nf3 g6 6. Nc3 Nb6 7. O-O Bg7 8. d3
O-O 9. Bg5 h6 10. Bd2 a5 11. Na4 Nd5 12. a3 g5 13. Rc1 Ra6 14. h4 g4 15. Ne1 Nf6
16. Nc2 b5 17. Nc5 Rb6 18. a4 b4 19. Ne3 Nd4 20. Nc4 Ne6 21. Nxa5 Nxc5 22. Rxc5
Nd7 23. Nc6 Qe8 24. Rc4 Nb8 25. Nxb8 Rxb8 26. b3 Be6 27. Rxc7 Qd8 28. Rc5 Qd6
29. Rc6 Qd4 30. Qb1 Rfc8 31. Rfc1 Rxc6 32. Rxc6 Qb2 33. Qxb2 Bxb2 34. a5 Bxb3
35. a6 Bd4 36. Be3 Bxe3 37. fxe3 e6 38. a7 Ra8 39. Rc4 Rxa7 40. Rxg4+ Kf8 41.
Rxb4 Bd1 42. Bf3 Ra2 43. Kf2 Bc2 44. Rb8+ Kg7 45. Ra8 Rb2 46. Ke1 Rb5 47. Ra7
Bb3 48. Rb7 1-0

[Event "Indonesia Open 2013"]
[Site "Jakarta INA"]
[Date "2013.10.10"]
[Round "1.43"]
[White "Sucipto, Haryadi"]
[Black "Irwanto, Sadikin"]
[Result "0-1"]
[BlackTitle "IM"]
[WhiteElo "2219"]
[BlackElo "2407"]
[WhiteFideId "7100779"]
[BlackFideId "7100590"]
[EventDate "2013.10.10"]

1. e4 e5 2. Nf3 Nc6 3. d4 exd4 4. Nxd4 Nf6 5. Nxc6 bxc6 6. Bd3 d5 7. e5 Ng4 8.
O-O Bc5 9. h3 Nxe5 10. Re1 Qf6 11. Qe2 O-O 12. Qxe5 Qxf2+ 13. Kh1 Bxh3 14. Kh2
Bd6 0-1

[Event "Indonesia Open 2013"]
[Site "Jakarta INA"]
[Date "2013.10.10"]
[Round "1.44"]
[White "Munkhgal, Gombosuren"]
[Black "Suradiradja, Herman"]
[Result "1-0"]
[WhiteTitle "IM"]
[BlackTitle "GM"]
[WhiteElo "2400"]
[BlackElo "2215"]
[WhiteFideId "4901266"]
[BlackFideId "7100167"]
[EventDate "2013.10.10"]

1. d4 c5 2. d5 e5 3. Nc3 d6 4. e4 Nf6 5. Bd3 Be7 6. h3 O-O 7. Nf3 a6 8. a4 b6 9.
O-O Ne8 10. Nd2 Bg5 11. Nc4 Bxc1 12. Qxc1 Nd7 13. f4 exf4 14. Qxf4 Qe7 15. e5
Nxe5 16. Rae1 Nxd3 17. cxd3 Qc7 18. Nxb6 Rb8 19. a5 Nf6 20. Qh4 Qd8 21. Re3 Nd7
22. Qxd8 Rxd8 23. Nc4 Nf6 24. Nb6 Kf8 25. Ne4 Nxe4 26. dxe4 Bd7 27. e5 Bb5 28.
e6 Rb7 29. Rf4 Re7 30. Ref3 Be8 31. Rc3 Kg8 32. b4 fxe6 33. bxc5 dxc5 34. Re4
Bg6 35. Re5 c4 36. dxe6 Rd6 37. Rce3 c3 38. Nd5 Rexe6 39. Rxe6 Rxd5 40. Rxc3
Rxa5 41. Re7 Rf5 42. Rcc7 a5 43. Rxg7+ Kf8 44. Ra7 a4 45. Rgc7 Rf4 46. Ra8+ Be8
47. Rxh7 Re4 48. Rh8+ Kf7 49. Rhxe8 Rxe8 50. Rxa4 1-0

[Event "Indonesia Open 2013"]
[Site "Jakarta INA"]
[Date "2013.10.10"]
[Round "1.45"]
[White "Marentek, Hanny"]
[Black "Karavade, Eesha"]
[Result "0-1"]
[WhiteTitle "FM"]
[BlackTitle "IM"]
[WhiteElo "2208"]
[BlackElo "2400"]
[WhiteFideId "7100825"]
[BlackFideId "5012600"]
[EventDate "2013.10.10"]

1. d4 Nf6 2. c4 e6 3. Nc3 Bb4 4. Qc2 O-O 5. Nf3 c5 6. dxc5 Na6 7. Bd2 Nxc5 8. e3
b6 9. a3 Bxc3 10. Bxc3 Bb7 11. b4 Nce4 12. Bb2 d5 13. Be2 Rc8 14. Qb3 Ng4 15. h3
dxc4 16. Bxc4 Ngxf2 17. O-O Qc7 18. Ne5 b5 19. Bxe6 Nd2 20. Rxf2 Nxb3 21. Bxb3
Rcd8 22. Nxf7 Bd5 23. Bxd5 Rxd5 24. Raf1 Rxf7 25. Rxf7 Qxf7 26. Rxf7 Kxf7 27.
Bd4 Rd7 28. Kf2 Ke6 29. Ke2 Kd5 30. Kd3 a6 31. e4+ Ke6 32. g4 Rf7 33. Ke3 g6 0-1

[Event "Indonesia Open 2013"]
[Site "Jakarta INA"]
[Date "2013.10.10"]
[Round "1.46"]
[White "Milliet, Sophie"]
[Black "Margana, Adhy"]
[Result "0-1"]
[WhiteTitle "IM"]
[WhiteElo "2399"]
[BlackElo "2203"]
[WhiteFideId "623725"]
[BlackFideId "7101376"]
[EventDate "2013.10.10"]

1. e4 e5 2. Nf3 Nc6 3. Bc4 Bc5 4. d3 Nf6 5. O-O d6 6. c3 a6 7. d4 exd4 8. cxd4
Bb6 9. d5 Ne5 10. Nxe5 dxe5 11. Bg5 Qd6 12. Nd2 Bd4 13. Be2 O-O 14. Nc4 Qe7 15.
Qc2 h6 16. Bh4 g5 17. Bg3 Nxe4 18. Qxe4 f5 19. Qc2 f4 20. Rae1 fxg3 21. hxg3 Kg7
22. Bf3 Qc5 23. b4 Bf5 24. bxc5 Bxc2 25. Nxe5 Rad8 26. c6 b5 27. Nd7 Rf7 28. Bh5
Rfxd7 29. cxd7 Rxd7 30. Rc1 Bf5 31. Rfd1 Be5 32. Rc6 a5 33. Rc5 b4 34. Rxa5 Bd6
35. Ra8 Bc2 36. Rd2 Bb1 37. Re8 Bc5 38. g4 Bh7 39. Re5 Bd6 40. Re6 Bg8 41. Rg6+
Kh7 42. g3 Be5 43. Ra6 Bc3 44. Rd1 Kg7 45. Be8 Rxd5 46. Rxd5 Bxd5 47. f4 Bd4+
48. Kh2 c5 49. f5 Bf3 50. Kh3 c4 51. Bb5 c3 52. Bd3 Bd1 53. Rc6 Be5 54. Rc4 Bd6
55. Rc6 Be7 56. Rg6+ Kf8 57. Rc6 Ba4 58. Rc7 Ke8 59. Kg2 Kd8 60. Rc4 Kd7 61. Kf2
Bd6 62. a3 Bb5 63. axb4 Bxc4 64. Bc2 Bxb4 65. Ke3 Bc5+ 66. Ke4 Kd6 67. Bd1 Bf2
68. Kf3 Bd4 69. Ke4 Bf6 70. Ke3 Bb5 71. Ke4 Be2 0-1

[Event "Indonesia Open 2013"]
[Site "Jakarta INA"]
[Date "2013.10.10"]
[Round "1.47"]
[White "Purba, Cornelis"]
[Black "Barus, Cerdas"]
[Result "0-1"]
[BlackTitle "GM"]
[WhiteElo "2193"]
[BlackElo "2396"]
[WhiteFideId "7101740"]
[BlackFideId "7100094"]
[EventDate "2013.10.10"]

1. e4 e5 2. Nf3 Nc6 3. d4 exd4 4. Nxd4 Nf6 5. Nxc6 bxc6 6. Bd3 d5 7. e5 Ng4 8.
Bf4 Bc5 9. O-O f6 10. e6 Bxe6 11. Qe2 Qe7 12. h3 Ne5 13. Bxe5 fxe5 14. Qxe5 O-O
15. Nc3 Rae8 16. Ne2 Qh4 17. Qg3 Qf6 18. c3 Bf5 19. Nc1 Bd6 20. Qf3 Qe5 21. Qg3
Qxg3 22. fxg3 Bxd3 23. Nxd3 Bxg3 24. Rxf8+ Rxf8 25. Nb4 Rf6 26. Rd1 h5 27. Nc2
Rf2 28. Nb4 Rxb2 29. Nxc6 Rxa2 30. Ne7+ Kh7 31. Nxd5 a5 32. Rb1 Rd2 33. Ne7 a4
34. Nc6 Rc2 35. Kf1 h4 36. Ra1 Rxc3 37. Nd4 Rc4 38. Nf3 Bd6 39. Ke2 a3 40. Kd3
Rf4 41. Ng5+ Kg6 42. Nf3 Kf6 43. Ra2 Ra4 44. Kc3 g5 45. Kb3 Rf4 46. Re2 g4 47.
hxg4 h3 48. Nd2 h2 0-1

[Event "Indonesia Open 2013"]
[Site "Jakarta INA"]
[Date "2013.10.10"]
[Round "1.48"]
[White "Gunawan, Ronny"]
[Black "Panggabean, Hasian"]
[Result "1/2-1/2"]
[WhiteTitle "IM"]
[WhiteElo "2395"]
[BlackElo "2190"]
[WhiteFideId "7100035"]
[BlackFideId "7101023"]
[EventDate "2013.10.10"]

1. b4 d5 2. Nf3 Nf6 3. Bb2 Bf5 4. e3 e6 5. a3 Nbd7 6. c4 Be7 7. Nc3 O-O 8. cxd5
exd5 9. Be2 c6 10. O-O h6 11. d4 Bd6 12. b5 Re8 13. a4 Ne4 14. Nxe4 dxe4 15. Nd2
Qg5 16. Kh1 Re6 17. g3 Bh3 18. Rg1 Nf6 19. Bf1 Ng4 20. Qe2 Qf5 21. Bxh3 Nxf2+
22. Qxf2 Qxf2 23. Rg2 Qf6 24. Nc4 Ree8 25. d5 Qe7 26. dxc6 bxc6 27. bxc6 Bc7 28.
Rc2 Red8 29. a5 Rd3 30. Bd4 Qb4 31. Bf5 Rd8 32. Bd7 Ra8 33. a6 Qb5 34. Kg2 Qd5
35. Rb1 Rxd4 36. exd4 e3+ 37. Kh3 Qh5+ 38. Kg2 Qd5+ 39. Kh3 Qxd4 40. Re1 Qd3 41.
Ree2 Rb8 42. Nxe3 Qxa6 43. Nd5 1/2-1/2

[Event "Indonesia Open 2013"]
[Site "Jakarta INA"]
[Date "2013.10.10"]
[Round "1.49"]
[White "Tamin, Upi Darmayana"]
[Black "Farid, Firman Syah"]
[Result "0-1"]
[WhiteTitle "WIM"]
[BlackTitle "IM"]
[WhiteElo "2151"]
[BlackElo "2392"]
[WhiteFideId "7100353"]
[BlackFideId "7102526"]
[EventDate "2013.10.10"]

1. e4 g6 2. d4 Bg7 3. Nc3 d6 4. Be3 a6 5. Qd2 b5 6. a3 Nd7 7. Rd1 Bb7 8. f3 c5
9. dxc5 Nxc5 10. b4 Nd7 11. Bd4 Bxd4 12. Qxd4 Ngf6 13. Bd3 Rc8 14. Nge2 O-O 15.
O-O Ne5 16. Kh1 Qc7 17. Qf2 Qb8 18. Ra1 d5 19. exd5 Bxd5 20. Nxd5 Nxd5 21. Be4
Nf6 22. Ng3 Rc3 23. Rfe1 Rfc8 24. Bd3 Rxd3 25. cxd3 Nxd3 26. Qe3 Nxe1 27. Rxe1
Qd6 28. Nf1 Rc7 29. Nd2 Rc2 30. Nb3 Nd5 31. Qd4 Nf4 32. g3 Nd3 33. Re3 Nf2+ 34.
Kg1 Qc7 35. Nc5 Nh3+ 36. Kh1 Qc8 37. Rc3 Qf5 38. Qd8+ Kg7 39. Qd4+ e5 40. Qe3
Rf2 41. g4 Qb1+ 42. Rc1 Qb2 0-1

[Event "Indonesia Open 2013"]
[Site "Jakarta INA"]
[Date "2013.10.10"]
[Round "1.50"]
[White "Fernandez, Daniel Howard"]
[Black "Dewi, Aa Citra"]
[Result "1-0"]
[WhiteTitle "IM"]
[BlackTitle "WFM"]
[WhiteElo "2389"]
[BlackElo "2133"]
[WhiteFideId "5801605"]
[BlackFideId "7101244"]
[EventDate "2013.10.10"]

1. d4 Nf6 2. Nf3 g6 3. b4 Bg7 4. Bb2 O-O 5. Nbd2 d5 6. e3 a5 7. a3 Nbd7 8. c4
dxc4 9. Nxc4 axb4 10. axb4 Rxa1 11. Qxa1 Nd5 12. b5 c5 13. bxc6 Nb4 14. Qa5 Nxc6
15. Qxd8 Rxd8 16. Be2 b5 17. Ncd2 b4 18. O-O Nb6 19. Rc1 Bb7 20. Nb3 Na4 21. Ba1
Rc8 22. Bb5 Nb6 23. Ne1 e5 24. Nd3 exd4 25. Bxc6 Rxc6 26. Rxc6 Bxc6 27. Bxd4 Bd5
28. Bxb6 Bxb3 29. Nxb4 Bc3 30. Nc6 Ba4 31. Ne7+ Kf8 32. Nd5 Be5 33. Bc5+ Ke8 34.
Bd4 Bb3 35. Nc3 Bd6 36. Ne4 Be7 37. f3 Bc2 38. Nd2 Kd7 39. Kf2 Ke6 40. e4 Bd6
41. g3 h5 42. h4 f6 43. Nc4 Bc7 44. Ne3 Bb3 45. Bc5 f5 46. exf5+ gxf5 47. Ng2
Kd5 48. Be3 Bc2 49. Bf4 Bb6+ 50. Ke2 Kc4 51. Be5 Bd3+ 52. Ke1 Ba5+ 53. Kd1 Kd5
54. Bb8 Bb5 55. Nf4+ Kd4 56. Ba7+ Kc3 57. Be3 Ba4+ 58. Kc1 Bc7 59. Bd2+ Kc4 60.
Nxh5 Bc6 61. Bf4 Ba5 62. Ng7 Bxf3 63. Nxf5 Bc3 64. Bd2 Bd4 65. Nh6 Bg7 66. Nf7
Kd3 67. Bf4 Bh5 68. Nd6 Bf8 69. Nf5 Ke4 70. Ne3 Bc5 71. Nc4 Kf5 72. Kd2 Ke4 73.
Ke1 Bd4 74. Kf1 Bf6 75. Kg2 Kf5 76. Bd2 Bg4 77. Ne3+ 1-0

[Event "Indonesia Open 2013"]
[Site "Jakarta INA"]
[Date "2013.10.10"]
[Round "1.51"]
[White "Azarya, Jodi Setyaki"]
[Black "Pham, Le Thao Nguyen"]
[Result "0-1"]
[WhiteTitle "CM"]
[BlackTitle "IM"]
[WhiteElo "2126"]
[BlackElo "2389"]
[WhiteFideId "7101589"]
[BlackFideId "12401226"]
[EventDate "2013.10.10"]

1. e4 c5 2. Nf3 e6 3. d4 cxd4 4. Nxd4 a6 5. Nc3 Qc7 6. Bd3 Nc6 7. Be3 Nf6 8. O-O
Bd6 9. h3 O-O 10. Kh1 Be5 11. Be2 d6 12. f4 Bxd4 13. Bxd4 Nxd4 14. Qxd4 e5 15.
Qd2 Be6 16. f5 Bc4 17. Bxc4 Qxc4 18. Qxd6 Nxe4 19. Nxe4 Qxe4 20. Rae1 Qxc2 21.
Qxe5 f6 22. Qd5+ Kh8 23. Re7 Qxb2 24. Rxb7 Qe2 25. Rd1 Rae8 26. Rd7 h6 27. Qb7
Rg8 28. R7d2 Qc4 29. Qd5 Qf4 30. Rd4 Qf2 31. R4d2 Re2 32. Rxe2 Qxe2 33. a4 Re8
34. Qd3 Qxd3 35. Rxd3 Re4 36. Rd8+ Kh7 37. Ra8 Rxa4 38. Kh2 h5 39. g3 Ra2+ 40.
Kg1 g6 41. g4 h4 42. g5 gxf5 43. gxf6 Kg6 44. Rh8 Kxf6 45. Rxh4 a5 46. Rh6+ Kg5
47. Ra6 Kf4 48. Rf6 Kg3 49. Kf1 f4 0-1